00538nam a2200145Ia 4500008004100000020002200041100002000063245005100083260004400134300002800178650002300206650002000229999001900249952012400268200922s9999 xx 000 0 und d a978-971-9676-97-3 aMaglaya, Rommel cRommel MaglayaaOral communication in context/ aManila:bJimczyville Publicationsc2018 aviii, 158 pagesc23 cm. aOral communication aPublic speaking c364397d364397 001040aCLbCLcFILd2020-09-22eCLl1m3oPN 4121 .M195 2018pC22483r2023-11-30 00:00:00s2023-08-17w2020-09-22yBK